| 000 | 00548 a2200193 4500 | ||
|---|---|---|---|
| 999 |
_c26199 _d26199 |
||
| 008 | 230425b ||||| |||| 00| 0 eng d | ||
| 020 | _a9789395161855 | ||
| 041 | 0 | _aeng | |
| 082 | 0 | 0 |
_a670.285 _bR128 |
| 100 |
_aRadhakrishnan, P. _95454 |
||
| 245 |
_aCAD/CAM/CIM / _cP Radhakrishnan, S Subramanyan, and V Raju |
||
| 250 | _a5th ed. | ||
| 260 |
_bNew Age International Publishers, _aNew Delhi: _c2024. |
||
| 300 | _axvi, 742 p. | ||
| 650 | 0 | _aCAD/CAM Systems | |
| 700 |
_95455 _aSubramanyan, S. |
||
| 700 |
_95456 _aRaju, V. |
||
| 942 |
_2ddc _cBK |
||